Villes françaises dans les noms de pâtisseries - Statistiques

Statistiques générales
  • Ce quiz a été pris 261 fois
    18 depuis la dernière actualisation
  • Le résultat moyen est 5 sur 18
Statistiques - réponses
Pâtisserie Ville % Correct
Pâtisserie confectionnée en référence à une course cycliste, reliant deux grandes villes françaises Paris-Brest
100%
Couleur du "biscuit de Reims" Rose
80%
Ville du calisson Aix-en-Provence
60%
Confiserie originelle de Cambrai (59) dont le nom est amusant Bêtise
47%
Ville spécialiste du nougat Montélimar
47%
Les caramels d'... Isigny
33%
La chantilly est originaire du village éponyme, situé dans le département de l' ... Oise
33%
Malgré sa similitude avec la précédente, cette tarte traditionnelle est originaire de la Côte d'Azur Tarte tropézienne
27%
Petit gâteau rond au pain d'épices, associé à Reims, Dijon ou Remiremont Nonette
20%
Malencontreusement associés à l'hexagone, les premiers croissants trouvent pourtant leur origine en ... Autriche (Vienne)
13%
Ville d'origine du Berlingot Carpentras
7%
La réglisse est communément associée à ce village Uzés
7%
Département d'origine du "carolo" Ardennes
0%
Troisième recette de "galette des rois" la plus fréquente, surtout dans le nord de la France, portant simplement le gentilé de sa ville d'origine Dunkerquoise
0%
Montagne suisse qui figure sur le logo de la marque de chocolats 'Toblerone' (dans lequel se cache un ours; et "Berne" dans le nom de la marque) Mont Cervin
0%
Autres villes où il est réputé Nantes / Berck
0%
La marque de cachou la plus importante, Lajaunie, s'implanta à ... Toulouse
0%
Langue régionale parlée à Bastogne, village qui donna son nom au célèbre biscuit goût spéculoos Wallon
0%
Aucun quiz correspondant
Distribution des résultats
% des personnes avec chaque résultat
Percentile par nombre de réponses
Votre historique - résultats
Vous n’avez pas pris ce quiz depuis la dernière actualisation